Music Quiz

Random Music or Kpop Quiz

Guess our KPOP biases! Quiz Stats

 Plays Quiz not verified by Sporcle

Challenge
Share
Tweet
Score 0/64 Timer 15:00
1 Play Today
% Correct
Jimin
88.5%
Rap Monster
88.4%
T.O.P
88.2%
BamBam
86.7%
JB
85.7%
Chanyeol
85.4%
Xiumin
84.9%
Taemin
80.3%
Key
79.7%
Jinjin
79.3%
Woozi
76.4%
S.coups
75.4%
Sanha
74.9%
Leo
74.6%
Momo
74.4%
Joy
73%
Bobby
72.1%
Hani
71.5%
Mark
71.5%
Wonho
71%
Ravi
68.9%
Johnny
68.7%
Ten
68.2%
Yeri
68%
Peniel
67.2%
Leeteuk
65.7%
Hyungwon
65.4%
GD & Daesung
65.2%
Daehyun
63.4%
Jae
63.1%
Hwasa
62.5%
LE
62.1%
% Correct
Jinwoo
61.1%
Taeil
60.5%
Sunggyu
59%
Jongup
57.9%
Hyoyeon
55.4%
Haechan
54.3%
Sooyoung
52.8%
Wheein
52.1%
Jeno
52.1%
Sungjong
52%
Jeongyeon
50.8%
Eunhyuk
50%
Hyunsik
49.5%
Jinhwan
48.7%
Jiwoo & J.seph
48.4%
Kevin
46.9%
Seungyoon
46.4%
BM & Somin
45.6%
Hansol
40%
Inseong
38%
Sungjin
37.4%
Wooshin
35.2%
Xero
33.8%
Jihun
30.8%
Zuho
30.3%
Exy
27.7%
Jinhoo
24.9%
Jun
22.5%
Youngbin & Hwiyoung
20.6%
Dayoung
19.3%
Minsu
16.9%
Sungjoon
5.1%

You're not logged in!

Compare scores with friends on all Sporcle quizzes.
OR
Log In

You Might Also Like...

Show Comments

Extras

Top Quizzes Today


Score Distribution

Your Account Isn't Verified!

In order to create a playlist on Sporcle, you need to verify the email address you used during registration. Go to your Sporcle Settings to finish the process.

Report this User

Report this user for behavior that violates our Community Guidelines.

Details: